MARC

LEADER 00000nam0a2200000 4500
001 323523
005 20231102003558.0
035 |a (RuTPU)RU\TPU\book\349110 
035 |a RU\TPU\book\324945 
090 |a 323523 
100 |a 20161021d1973 m y0rusy50 ca 
101 0 |a rus 
102 |a RU 
105 |a y z 001zy 
200 1 |a Перспективы развития промышленности химических волокон  |f И. Е. Кричевский 
210 |a Москва  |c Химия  |d 1973 
215 |a 228 с. 
320 |a Библиогр.: с. 228 
606 1 |a Химическое волокно  |x Производство  |x Экономика  |2 stltpush  |3 (RuTPU)RU\TPU\subj\17353  |9 43029 
610 1 |a экономическое развитие 
610 1 |a перспективы 
610 1 |a натуральные волокна 
610 1 |a мировое производство 
610 1 |a потребление 
610 1 |a капиталистические страны 
610 1 |a СССР 
610 1 |a экономическая эффективность 
610 1 |a долгосрочные прогнозы 
610 1 |a оптимизация 
610 1 |a размещение 
675 |a 677.4:658  |v 4 
700 1 |a Кричевский  |b И. Е.  |g Илья Евсеевич 
801 1 |a RU  |b 63413507  |c 20150702 
801 2 |a RU  |b 63413507  |c 20161024  |g RCR 
942 |c BK